LEADER 01503nam a2200325 a 4500 001 000000122289 003 CaOOAMICUS 005 20100618171651.0 008 100618t2010 it u000 u ita r 020 $a978-88-420-8896-7 040 $aPUL$bita$dReb 041 1 $aita$hger 082 04$a182 100 1 $aHeidegger, Martin,$d1889-1976.$0(OLS)http://pul/name/5737 240 10$aHeraklit : seminar wintersemester 1966/1967$lItaliano.$0(OLS)http://pul/title/153943 245 10$aEraclito :$bseminario del semestre invernale, 1966/1967 /$cMartin Heidegger, Eugene Fink ; edizione italiana a cura di Adriano Ardovino. 260 $aRoma ;$aBari :$bLaterza,$cİ2010. 300 $axxiii, 233 p. ;$c21 cm. 490 1 $aLibri dell'ascolto 600 04$aHeraclitus Ephesius,$dsec. VI-V a.C.$0(OLS)http://pul/subject/17912 700 1 $aFink, Eugen,$d1905-1975.$0(OLS)http://pul/name/38694 700 1 $aArdovino, Adriano,$d1973-$0(OLS)http://pul/name/69469 830 0$aLibri dell'ascolto.$0(OLS)http://pul/title/153944 850 $aPUL 852 $aPUL$W1$xSL Filosofia 3$y81$m182 HEIMA 1$j140400$qDDC 21$B139543$CPULBib$Z2$F139543 $H114163 $82 941 1 $a9 996 $6020$a978-88-420-8896-7$9(OLS)http://pul/number/144636 996 $6082$a182$9(OLS)http://pul/classification/108 996 $6245$aEraclito :$bseminario del semestre invernale, 1966/1967$9(OLS)http://pul/title/153942 996 $6260$aRoma ;$aBari :$bLaterza$9(OLS)http://pul/publisher/57682 LEADER 01913nam a2200361 a 4500 001 000000151467 003 CaOOAMICUS 005 20220623173002.0 008 160502s2016 it da 001 0 ita r 020 $a978-88-6030-814-6* 032 $aLibriCat 040 $aPUL$bita 130 4 $aThe circle of security intervention :$benhancing attachment in early parent-child relationships.$lItaliano.$0(OLS)http://pul/title/190727 245 13$aIl circolo della sicurezza :$bsostenere l'attaccamento nelle prime relazioni genitore-bambino /$cBert Powell ; Glen Cooper ; Kent Hoffman ; Bob Marvin ; edizione italiana a cura di Chiara Pazzagli e Francesca Manaresi. 260 $aMilano :$bRaffaello Cortina,$cİ2016. 300 $aXIX, 472 p. :$bgraf., ill. ;$c23 cm. 490 1 $aCollana di psicologia clinica e psicoterapia ;$v281 504 $aInclude riferimenti bibliografici ed indice. 650 4$aGenitori$xPsicologia.$0(OLS)http://pul/subject/35411 700 1 $aManaresi, Francesca.$0(OLS)http://pul/name/96370 700 1 $aPazzagli, Chiara.$0(OLS)http://pul/name/96369 700 1 $aPowell, Bert.$0(OLS)http://pul/name/96365 700 1 $aHoffman, Kent.$0(OLS)http://pul/name/96367 700 1 $aCooper, Glen.$0(OLS)http://pul/name/96366 700 1 $aMarvin, Bob.$0(OLS)http://pul/name/96368 830 0$aCollana di psicologia clinica e psicoterapia ;$v281.$0(OLS)http://pul/title/12189 850 $aPUL 852 $aPUL$W1$xDP1 Filosofia 1$y19$m97 S 281$j174025$qStampati$B176478$CPULBib$Z2$F176478 $H127661 $81 941 1 $a8 996 $6020$a978-88-6030-814-6*$9(OLS)http://pul/number/160330 996 $6245$aIl circolo della sicurezza :$bsostenere l'attaccamento nelle prime relazioni genitore-bambino$9(OLS)http://pul/title/190726 996 $6260$aMilano :$bRaffaello Cortina$9(OLS)http://pul/publisher/63509